Quá trình dừng và ứng dụng: Luận văn thạc sĩ. Chuyên ngành: Lí thuyết xác suất và Thống kê toán học

Trình bày hệ thống các cơ sở lý thuyết của quá trình dừng, trong đó có biểu diễn tuyến tính, sự tồn tại phổ, tính chất ergodic. Xét bài toán dự báo tuyến tính quá trình dừng, đặc biệt quá trình dừng có phổ....

Täydet tiedot

Tallennettuna:
Bibliografiset tiedot
Päätekijä: Trần, Quốc Dũng
Aineistotyyppi: Kirja
Kieli:Undetermined
Julkaistu: Cần Thơ Trường Đại học Cần Thơ 2010
Aiheet:
Tagit: Lisää tagi
Ei tageja, Lisää ensimmäinen tagi!
Thư viện lưu trữ: Trung tâm Học liệu Trường Đại học Cần Thơ
LEADER 01202nam a2200217Ia 4500
001 CTU_162236
008 210402s9999 xx 000 0 und d
082 |a 519.23 
082 |b D513 
088 |a 604615 
100 |a Trần, Quốc Dũng 
245 0 |a Quá trình dừng và ứng dụng: 
245 0 |b Luận văn thạc sĩ. Chuyên ngành: Lí thuyết xác suất và Thống kê toán học 
245 0 |c Trần Quốc Dũng; Dương Tôn Đảm (Hướng dẫn Khoa học) 
260 |a Cần Thơ 
260 |b Trường Đại học Cần Thơ 
260 |c 2010 
520 |a Trình bày hệ thống các cơ sở lý thuyết của quá trình dừng, trong đó có biểu diễn tuyến tính, sự tồn tại phổ, tính chất ergodic. Xét bài toán dự báo tuyến tính quá trình dừng, đặc biệt quá trình dừng có phổ. 
650 |a Stochastic processes,Stochastic differential equations,Quá trình ngẫu nhiên,Phương trình vi phân ngẫu nhiên 
904 |i Năm 
980 |a Trung tâm Học liệu Trường Đại học Cần Thơ